Economic classification and regression problems and neural networks

Neurónové modely sú v súčasnosti súčasťou väčšiny štandardných štatistických softvérových produktov. Článok osvetľuje základné princípy, na ktorých sú neurónové siete založené a zhrňuje dôležité upozornenia, ktoré treba rešpektovať, aby ich použitie v praxi bolo efektívne.

Salvato in:
Dettagli Bibliografici
Autore principale: Veselý, Arnošt
Natura: Capitolo di libro
Lingua:inglese
Soggetti:
Tags: Aggiungi Tag
Nessun Tag, puoi essere il primo ad aggiungerne!!

MARC

LEADER 00000naa a2200000 4500
001 0158373
005 20231211065838.6
041 0 |a eng 
044 |a CZ 
245 1 0 |a Economic classification and regression problems and neural networks  |c Arnošt Veselý 
520 |a Neurónové modely sú v súčasnosti súčasťou väčšiny štandardných štatistických softvérových produktov. Článok osvetľuje základné princípy, na ktorých sú neurónové siete založené a zhrňuje dôležité upozornenia, ktoré treba rešpektovať, aby ich použitie v praxi bolo efektívne. 
610 2 0 |a siete neurónové 
610 2 0 |a prostredie ekonomické 
100 1 |a Veselý, Arnošt